000 01077cam a22003251 4500
999 _c533085
_d533085
001 7475605
003 NUST
005 20191212101446.0
008 800229s1958 nyu 000 1 eng
010 _a 58009239
035 _a(OCoLC)6038570
038 _aMuhammad Ibrahim
040 _aDLC
_cIElsP
_dOCoLC
_dODaWU
_dOBgU
_dDLC
041 1 _aengger
042 _apremarc
050 0 0 _aPZ4.E3475
_bTi
082 _a833.91
_bEKE 1958
100 2 _aEkert-Rotholz, Alice Maria.
_926768
245 1 4 _aThe time of the dragons.
_cTranslated from the German by Richard and Clara Winston.
260 _aLondon,
_bJonathan Cape & the book Society,
_c1958.
300 _a470 p.
_c22 cm.
500 _aTranslation of Wo Tränen verboten sind.
650 0 _aWorld War, 1939-1945
_vFiction.
_98259
651 0 _aJapan
_xHistory
_y1926-1945
_vFiction.
_926769
651 0 _aJapan
_xHistory
_y1945-1989
_vFiction.
_926770
700 1 _aWinston, Richard,
_etr.
_926771
700 1 _aWinston, Clara,
_etr.
_926772
906 _a7
_bcbc
_coclcrpl
_du
_encip
_f19
_gy-gencatlg
942 _2ddc
_cBK